000 00571nam a2200205 i 4500
001 145867
003 ES-MaACL
007 t|
008 071017s1945 sp ||||1| spa d
100 1 _aVerdaguer, Joaquín.
_9114000
245 1 0 _aGramática francesa /
_cJoaquín Verdaguer.
260 _a[Palma de Mallorca] :
_bMoll,
_c1945.
300 _a1 v. ;
_c21 cm.
490 1 _aManuales Moll
500 _aEn la tapa 1954.
650 1 4 _aLengua francesa-
_xGramática.
_914220
830 0 _aManuales Moll
_9185556
852 _aES-MaACL
_jP-712
999 _c145867
_d145867